00597nam a2200157 a 45000010005000000030005000050050017000100080041000270400020000681000031000882450125001192600065002449420013003099990015003229520102003371442CDMR20130426131519.0130130s1959||||||||||||||||||||||||||||d aCDMRbcatcCDMR1 aUlloa Cisneros, Luis9109610aHistoria de Españab: Gran historia general de los pueblos hispanos : Tomo IV. La Casa de Austria (siglos XVI y XVIII) aBarcelonac1959bInstituto Gallach de Librería y Ediciones cMON2udc c1442d1442 001040708REFaCDMRbCDMRd2013-01-16l0oAlpAl705780201301161256r2013-01-16w2013-01-16yREF